000 00714nam a22002417a 4500
003 DO-SdBNP
005 20240530073924.0
007 ta
008 220211b2020 dr ||||| |||| 00| 0 spa d
020 _a9789945094596
040 _aDO-SdBNP
_bspa
_cBNPHU
082 4 _aRD863.5
_bR621d
_222
100 1 _aRivera, Shamira
_977994
245 1 0 _aDaven /
_cShamira Rivera.
260 _aSanto Domingo :
_bVérité,
_c2020.
300 _av. ;
_c22 cm.
500 _aIncluye datos biográficos de la autora en la contracubierta
590 _aInventariado, 2021 / DG
650 0 _aNovela dominicana
_9223
650 4 _aLiteratura dominicana
_978427
910 _aDG/Validado. Control de calidad MFF
942 _2ddc
_cLBS1
999 _c49486
_d49486